História da literatura Espírito-Santense: (Registro n. 563)

Detalhes MARC
000 -LÍDER
campo de controle de tamanho fixo 00889nam a22002057a 4500
003 - IDENTIFICADOR DO NÚMERO DE CONTROLE
campo de controle BR-ViAPE
005 - DATA E HORÁRIO DA ÚLTIMA TRANSAÇÃO
campo de controle 20260423121207.0
008 - CAMPO DE DADOS FIXOS--INFORMAÇÃO GERAL
campo de controle de tamanho fixo 260423s1912 porc|||gsn||| 001 0 por d
040 ## - FONTE DA CATALOGAÇÃO
Instituição que transcreveu o registro BR-ViAPE
100 ## - ENTRADA PRINCIPAL--NOME PESSOAL
Nome pessoal Claudio, Affonso
245 ## - TÍTULO
Título História da literatura Espírito-Santense:
Restante do título subsídios para a história da literatura brasileira
260 ## - PUBLICAÇÃO, DISTRIBUIÇÃO, ETC.
Local de publicação, distribuição, etc. Porto
Nome do editor, distribuidor, etc. Officinas do "Commercio do Porto"
Data da publicação, distribuição, etc. 1912
300 ## - DESCRIÇÃO FÍSICA
Extensão 563 p.
Outros detalhes físicos Documento digitalizado (PDF)
500 ## - NOTA GERAL
Nota geral Documento digitalizado do acervo institucional do Arquivo Público do Estado do Espírito Santo - APEES.
500 ## - NOTA GERAL
Nota geral Inclui prólogo de Clovis Bevilaqua
650 ## - ASSUNTO--TERMO TÓPICO
Cabeçalho tópico ou nome geográfico Literatura - história
Subdivisão geográfica Espírito Santo
651 ## - ASSUNTO—LOCAIS GEOGRÁFICOS E HISTÓRICOS
Nome geográfico Espírito Santo
Subdivisão geral Literatura brasileira
856 ## - LOCALIZAÇÃO ELETRÔNICA E ACESSO
Uniform Resource Identifier <a href="https://ape.es.gov.br/Media/ape/PDF/Livros/Livros_Historicos/sndt30cb.pdf">https://ape.es.gov.br/Media/ape/PDF/Livros/Livros_Historicos/sndt30cb.pdf</a>
Texto de ligação CLIQUE AQUI PARA ACESSAR O DOCUMENTO
942 ## - ELEMENTOS DE ENTRADA ADICIONADOS (KOHA)
Fonte da classificação ou esquema de arquivamento na estante Dewey Decimal Classification
Tipo de material Koha Obras Raras
Ocultar no OPAC Yes
Exemplares
Status de descarte Fonte da classificação ou esquema de arquivamento na estante Status físico Não pode ser emprestado Biblioteca de origem Biblioteca atual Data de aquisição Total de empréstimos Data de último acesso Preço efetivo de Tipo de material Koha
  Dewey Decimal Classification     Biblioteca do Arquivo Público do Estado do Espírito Santo Biblioteca do Arquivo Público do Estado do Espírito Santo 04/23/2026   04/23/2026 04/23/2026 Obras Raras